000 00431nam a2200133 i 4500
001 bg
100 1 _aMONIEWSKA, Z.
245 0 _aWskazówki metodyczne do prowadzenia ćwiczeń laboratoryjnych z chemii w wyższych szkołach inżynierskich dla pracujących na kierunkach mechanicznych /
_cZ. Moniewska.
260 _aGliwice,
_c1970.
040 _cBPK
041 _apol
942 _cKS
008 s pl f |000 0 pol
999 _c10403
_d10403
856 _uhttp://koha.tu.koszalin.pl/cgi-bin/koha/opac-detail.pl?biblionumber=10403
_yKatalog online BPK